000 00350nam a22001457a 4500
008 230516b ||||| |||| 00| 0 eng d
020 _a9781259636073
041 _aeng
080 _25E
_a610.73
082 _a610.73BOO
100 _a7
101 _aINF
245 _aADMINISTRATIVE PROCEDURES FOR MEDICAL ASSISTING
_cBOOTH .A .K
942 _2udc
_cBK
999 _c59733
_d59733